000 00471nam a2200169 i 4500
001 142790
003 ES-MaACL
005 20230906200625.0
007 t|
008 071010s1964 sp ||||1| spa d
100 1 _aVieu, H.
_9114601
245 1 0 _aApóstoles de nuestro tiempo /
_cH. Vieu, M. Zinty.
260 _aHospitalet (Barcelona) :
_bNova Terra,
_c[1964]
300 _a181 p. ;
_c17 cm.
700 1 _aZinty, M.
_9118295
852 _aES-MaACL
_jC-25651
_bR.54088
999 _c142790
_d142790